Gramavikasanam / (Record no. 11318)
[ view plain ]
| 000 -LEADER | |
|---|---|
| fixed length control field | 00669cam a2200277ua 4500 |
| 041 ## - LANGUAGE CODE | |
| Language code of text/sound track or separate title | mal |
| 082 ## - DEWEY DECIMAL CLASSIFICATION NUMBER | |
| Classification number | 307.2 |
| Item number | KES/GR |
| 100 ## - MAIN ENTRY--AUTHOR NAME | |
| Personal name | Kesavan Nair, R . |
| 245 ## - TITLE STATEMENT | |
| Title | Gramavikasanam / |
| 260 ## - PUBLICATION, DISTRIBUTION, ETC. (IMPRINT) | |
| Place of publication | Thiruvananthapuram : |
| Name of publisher | State Instititute of Languages , |
| Year of publication | 1979. |
| 300 ## - PHYSICAL DESCRIPTION | |
| Number of Pages | 288 ; . |
| 942 ## - ADDED ENTRY ELEMENTS (KOHA) | |
| Koha item type | Books |
| Withdrawn status | Lost status | Damaged status | Home library | Current library | Date acquired | Full call number | Accession Number | Koha item type |
|---|---|---|---|---|---|---|---|---|
| Withdrawn | KAUAET | KAUAET | 07/04/2012 | 307.2 | 13946 | Books | ||
| KAUAET | KAUAET | 07/04/2012 | 307.2 | 13515 | Books | |||
| KAUAET | KAUAET | 07/04/2012 | 307.2 | 13513 | Books | |||
| KAUAET | KAUAET | 07/04/2012 | 307.2 | 13939 | Books | |||
| KAUAET | KAUAET | 07/04/2012 | 307.2 | 13941 | Books | |||
| KAUAET | KAUAET | 07/04/2012 | 307.2 | 13516 | Books | |||
| Withdrawn | Damaged | KAUAET | KAUAET | 07/04/2012 | 307.2 | 13945 | Books | |
| KAUAET | KAUAET | 07/04/2012 | 307.2 | 13938 | Books | |||
| KAUAET | KAUAET | 07/04/2012 | 307.2 | 13944 | Books | |||
| Withdrawn | KAUAET | KAUAET | 16/11/2023 | 307.2 KES/GR | 13937 | Books | ||
| Withdrawn | KAUAET | KAUAET | 16/11/2023 | 307.2 KES/GR | 13940 | Books | ||
| Withdrawn | KAUAET | KAUAET | 16/11/2023 | 307.2 KES/GR | 13942 | Books | ||
| Withdrawn | KAUAET | KAUAET | 16/11/2023 | 307.2 KES/GR | 13943 | Books | ||
| Withdrawn | KAUAET | Sanskrit University | 07/04/2012 | 307.2 | 13514 | Books |
